<?xml version="1.0" encoding="UTF-8"?><?xml-stylesheet type="text/xsl" href="static/style.xsl"?><OAI-PMH xmlns="http://www.openarchives.org/OAI/2.0/" xmlns:xsi="http://www.w3.org/2001/XMLSchema-instance" xsi:schemaLocation="http://www.openarchives.org/OAI/2.0/ http://www.openarchives.org/OAI/2.0/OAI-PMH.xsd"><responseDate>2026-04-13T00:54:17Z</responseDate><request verb="GetRecord" identifier="oai:www.recercat.cat:2072/449612" metadataPrefix="marc">https://recercat.cat/oai/request</request><GetRecord><record><header><identifier>oai:recercat.cat:2072/449612</identifier><datestamp>2025-04-26T19:30:42Z</datestamp><setSpec>com_2072_98</setSpec><setSpec>col_2072_378194</setSpec></header><metadata><record xmlns="http://www.loc.gov/MARC21/slim" xmlns:dcterms="http://purl.org/dc/terms/" xmlns:xsi="http://www.w3.org/2001/XMLSchema-instance" xmlns:doc="http://www.lyncode.com/xoai" xsi:schemaLocation="http://www.loc.gov/MARC21/slim http://www.loc.gov/standards/marcxml/schema/MARC21slim.xsd">
   <leader>00925njm 22002777a 4500</leader>
   <datafield ind2=" " ind1=" " tag="042">
      <subfield code="a">dc</subfield>
   </datafield>
   <datafield ind2=" " ind1=" " tag="720">
      <subfield code="a">Doval Dieguez, Eduardo</subfield>
      <subfield code="e">author</subfield>
   </datafield>
   <datafield ind2=" " ind1=" " tag="720">
      <subfield code="a">Riba i Lloret, M. Dolors</subfield>
      <subfield code="e">author</subfield>
   </datafield>
   <datafield ind2=" " ind1=" " tag="260">
      <subfield code="c">2016</subfield>
   </datafield>
   <datafield ind2=" " ind1=" " tag="520">
      <subfield code="a">Amb el suport del Consell Superior d'Avaluació de Catalunya</subfield>
   </datafield>
   <datafield ind2=" " ind1=" " tag="520">
      <subfield code="a">Las pruebas tipo test para la evaluación de los conocimientos están ampliamente aceptadas por su objetividad y facilidad en la aplicación y corrección. Sin embargo, para asegurar la validez de sus puntuaciones es necesario verificar que éstas han sido obtenidas después de responder a la prueba de una forma prevista por el evaluador. Los patrones de respuesta que se alejan de lo previsto se consideran Patrones Atípicos de Respuesta (PAR). En este trabajo se presenta una metodologia encaminada a identificar la presencia de PAR así como su tipologia. Dado que los diferentes tipus de PAR pueden identificar déficits en el proceso de enseñanza-aprendizaje, esta metodología pretende ser de utilidad para evaluaciones formativas.</subfield>
   </datafield>
   <datafield tag="653" ind2=" " ind1=" ">
      <subfield code="a">Pruebas tipo test</subfield>
   </datafield>
   <datafield tag="653" ind2=" " ind1=" ">
      <subfield code="a">Patrones atípicos de respuesta</subfield>
   </datafield>
   <datafield tag="653" ind2=" " ind1=" ">
      <subfield code="a">Evaluación formativa</subfield>
   </datafield>
   <datafield ind2="0" ind1="0" tag="245">
      <subfield code="a">Identificación de tipologías de Patrones Atípicos de Respuesta en pruebas tipo test</subfield>
   </datafield>
</record></metadata></record></GetRecord></OAI-PMH>